[Event "St Petersburg Amir Cup Blitz"]
[Site "St Petersburg"]
[Date "2021.05.23"]
[Round "2"]
[White "Shashnev, Pavel"]
[Black "Kretov, Evgenij"]
[Result "0-1"]
[WhiteElo "2070"]
[BlackElo "2269"]
[PlyCount "36"]
[EventDate "2021.05.23"]
[EventType "swiss (blitz)"]
[EventRounds "11"]
[EventCountry "RUS"]
[SourceTitle "CBM 202 Extra"]
[Source "ChessBase"]
[SourceDate "2021.07.31"]
[SourceVersion "1"]
[SourceVersionDate "2021.07.31"]
[SourceQuality "1"]

1. e4 c5 2. c3 d5 3. exd5 Qxd5 4. d4 g6 5. Nf3 Bg7 6. Na3 cxd4 7. Nb5 Na6 8. Nbxd4 Nc7 9. Qb3 Nf6 10. Bc4 Qe4+ 11. Be3 e6 12. Nb5 Nxb5 13. Bxb5+ Bd7 14. Bxd7+ Nxd7 15. Qa3 Bf8 16. Qa5 Bc5 17. 0-0 Bxe3 18. Rfe1 Bb6 0-1

[Event "Riga RTU rapid op"]
[Site "Riga"]
[Date "2019.07.04"]
[Round "2"]
[White "Shashnev, Pavel"]
[Black "Galchenko, Matvey"]
[Result "0-1"]
[WhiteElo "2021"]
[BlackElo "2360"]
[PlyCount "66"]
[EventDate "2019.07.04"]
[EventType "swiss (rapid)"]
[EventRounds "9"]
[EventCountry "LAT"]
[SourceTitle "EXT 2020"]
[Source "ChessBase"]
[SourceDate "2019.10.17"]
[SourceVersion "1"]
[SourceVersionDate "2019.10.17"]
[SourceQuality "1"]

1. e4 e6 2. d4 d5 3. Nc3 Bb4 4. Bd2 dxe4 5. Nxe4 Qxd4 6. Bd3 Bxd2+ 7. Qxd2 Nc6 8. 0-0-0 Nge7 9. Nf3 Qb4 10. Qg5 Ng6 11. h4 Qe7 12. Qg3 f5 13. Neg5 0-0 14. h5 Nge5 15. Nxh7 f4 16. Qg5 Qxg5 17. Nhxg5 Nxd3+ 18. cxd3 e5 19. Rde1 Re8 20. d4 Bf5 21. Nxe5 Nxd4 22. Ngf3 Rad8 23. h6 Nc2 24. Reg1 Nb4 25. b3 Rd5 26. h7+ Bxh7 27. Rd1 Rc5+ 28. Kb2 Rc2+ 29. Ka3 c5 30. Ra1 Re6 31. Ka4 Be4 32. Rhd1 Ra6+ 33. Kb5 Bc6+ 0-1

[Event "RUS-chT U20"]
[Site "Kolomna"]
[Date "2014.08.09"]
[Round "8"]
[White "Shashnev, Pavel"]
[Black "Zuev, Alexandr"]
[Result "1/2-1/2"]
[WhiteElo "2036"]
[BlackElo "2045"]
[PlyCount "135"]
[EventDate "2014.08.02"]
[EventType "swiss"]
[EventRounds "9"]
[EventCountry "RUS"]
[SourceTitle "EXT 2016"]
[Source "ChessBase"]
[SourceDate "2015.10.08"]
[SourceVersion "1"]
[SourceVersionDate "2015.10.08"]
[SourceQuality "1"]

1. e4 c5 2. c3 d5 3. exd5 Qxd5 4. d4 Nc6 5. Nf3 Bg4 6. Nbd2 e6 7. Bc4 Qd8 8. 0-0 Nf6 9. Qa4 Qc7 10. Ne5 a6 11. Bb5 Rc8 12. Bxc6+ bxc6 13. Qxa6 cxd4 14. cxd4 Bf5 15. Ndc4 Be7 16. Bd2 0-0 17. Rfc1 Be4 18. a4 c5 19. b4 Rcd8 20. b5 Rxd4 21. b6 Qb8 22. Bc3 Bb7 23. Qb5 Rh4 24. a5 Bd5 25. Bb2 Ng4 26. a6 f6 27. Nxg4 Rxg4 28. g3 Bxc4 29. Rxc4 Rxc4 30. Qxc4 Qxb6 31. a7 Ra8 32. Ra6 Qb7 33. Qxe6+ Kf8 34. Rc6 Qxa7 35. h4 Rd8 36. h5 Qd7 37. Qe4 Qd1+ 38. Kg2 Qxh5 39. Rc7 Re8 40. Qb7 Qe2 41. Ba3 Qe6 42. Bxc5 Bxc5 43. Rxc5 Qe4+ 44. Qxe4 Rxe4 45. Rc7 Re7 46. Rc6 Kf7 47. Ra6 Re4 48. Ra7+ Kg6 49. Kh3 h5 50. f4 Rb4 51. Rc7 Kh6 52. Rc6 Rb1 53. Rc3 Kg6 54. Ra3 Rg1 55. Rb3 Kh6 56. Ra3 Rc1 57. Rb3 Rc6 58. Kh4 g6 59. Ra3 Rc1 60. Kh3 Rc6 61. Rb3 g5 62. fxg5+ fxg5 63. Ra3 Kg6 64. Rb3 Re6 65. Ra3 Kf6 66. Rb3 Re5 67. Rb4 Kf5 68. Ra4 1/2-1/2

[Event "RUS-chT U20"]
[Site "Kaliningrad"]
[Date "2013.08.07"]
[Round "6"]
[White "Shashnev, Pavel"]
[Black "Grinblat, Artemiy"]
[Result "0-1"]
[WhiteElo "1953"]
[BlackElo "2054"]
[PlyCount "80"]
[EventDate "2013.08.02"]
[EventType "team-swiss"]
[EventRounds "9"]
[EventCountry "RUS"]
[SourceTitle "EXT 2018"]
[Source "ChessBase"]
[SourceDate "2017.10.13"]
[SourceVersion "1"]
[SourceVersionDate "2017.10.13"]
[SourceQuality "1"]

1. e4 e6 2. d4 d5 3. Nc3 Nf6 4. Bg5 Be7 5. e5 Nfd7 6. h4 c5 7. Bxe7 Qxe7 8. Nb5 0-0 9. Nc7 cxd4 10. Nxa8 f6 11. Qxd4 Nc6 12. Qd2 fxe5 13. 0-0-0 Nf6 14. f3 Qd6 15. h5 Bd7 16. g4 Rxa8 17. g5 Ne8 18. Bd3 Nb4 19. Ne2 Nxd3+ 20. Qxd3 Rc8 21. Kb1 Qc7 22. Nc3 Bc6 23. h6 g6 24. Rhe1 d4 25. Ne4 Bd5 26. Rg1 Bc4 27. Qd2 Nd6 28. Nxd6 Qxd6 29. f4 exf4 30. b3 Bb5 31. c4 Bc6 32. Qxd4 Qxd4 33. Rxd4 e5 34. Rd6 Re8 35. b4 a6 36. Kc1 e4 37. a4 f3 38. Rf6 e3 39. Rxc6 bxc6 40. Kb1 f2 0-1

[Event "RUS-chT U20"]
[Site "Kaliningrad"]
[Date "2013.08.06"]
[Round "5"]
[White "Shashnev, Pavel"]
[Black "Kamrukov, Alexey"]
[Result "1-0"]
[WhiteElo "1953"]
[BlackElo "2097"]
[PlyCount "97"]
[EventDate "2013.08.02"]
[EventType "team-swiss"]
[EventRounds "9"]
[EventCountry "RUS"]
[SourceTitle "EXT 2018"]
[Source "ChessBase"]
[SourceDate "2017.10.13"]
[SourceVersion "1"]
[SourceVersionDate "2017.10.13"]
[SourceQuality "1"]

1. e4 c5 2. c3 d5 3. exd5 Qxd5 4. d4 Nf6 5. Nf3 Bg4 6. Nbd2 cxd4 7. Bc4 Qh5 8. Qb3 Bc8 9. Nxd4 e6 10. N2f3 Be7 11. Bf4 Qg4 12. g3 0-0 13. Ne5 Qh5 14. h3 g5 15. Be3 Nbd7 16. g4 Qh6 17. Nxf7 Rxf7 18. Bxe6 Ne5 19. Bxf7+ Nxf7 20. 0-0-0 Kf8 21. Nb5 Bd7 22. Bd4 Bc6 23. Rhe1 Nd5 24. Nxa7 Qd6 25. Nxc6 bxc6 26. c4 Qf4+ 27. Be3 Nxe3 28. fxe3 Qe5 29. Rf1 Rb8 30. Qc2 Bf6 31. Rd2 Qe6 32. Qf5 Qxc4+ 33. Kb1 Be5 34. Rdf2 Kg8 35. Qxf7+ Qxf7 36. Rxf7 Rxb2+ 37. Kc1 Rxa2 38. Rb7 Ra3 39. Rd1 Ra1+ 40. Kd2 Ra2+ 41. Kd3 Bf6 42. Rc1 Ra3+ 43. Kd2 Ra2+ 44. Rc2 Ra6 45. Rc7 Be5 46. R7xc6 Ra3 47. R6c5 Bf6 48. Rc7 Be5 49. Rb7 1-0

[Event "RUS-chT U20"]
[Site "Kaliningrad"]
[Date "2013.08.02"]
[Round "1"]
[White "Yudin, Ivan"]
[Black "Shashnev, Pavel"]
[Result "1-0"]
[WhiteElo "2267"]
[BlackElo "1953"]
[PlyCount "73"]
[EventDate "2013.08.02"]
[EventType "team-swiss"]
[EventRounds "9"]
[EventCountry "RUS"]
[SourceTitle "EXT 2018"]
[Source "ChessBase"]
[SourceDate "2017.10.13"]
[SourceVersion "1"]
[SourceVersionDate "2017.10.13"]
[SourceQuality "1"]

1. e4 e5 2. Nf3 Nc6 3. Nc3 Nf6 4. Bb5 Nd4 5. Bc4 d6 6. Ng5 Ne6 7. Nxe6 Bxe6 8. Bxe6 fxe6 9. d4 exd4 10. Qxd4 e5 11. Qc4 Qd7 12. Be3 c6 13. 0-0-0 b5 14. Qd3 Qe6 15. f4 Be7 16. Kb1 0-0 17. Rhe1 a5 18. Bc1 a4 19. Ne2 c5 20. f5 Qd7 21. Nc3 c4 22. Qe2 Qc6 23. a3 b4 24. axb4 Rfb8 25. Na2 Rb5 26. g4 Rab8 27. g5 Nd7 28. Qd2 Kh8 29. f6 gxf6 30. g6 Bf8 31. gxh7 Kxh7 32. Rg1 Qxe4 33. Nc3 Qf5 34. Qg2 Bh6 35. Bxh6 Kxh6 36. Rdf1 Qg5 37. Rf3 1-0

[Event "RUS-chT U20"]
[Site "Rybinsk"]
[Date "2010.08.06"]
[Round "5"]
[White "Shashnev, Pavel"]
[Black "Karachinskaya, Elizaveta"]
[Result "1/2-1/2"]
[WhiteElo "1872"]
[BlackElo "1560"]
[PlyCount "81"]
[EventDate "2010.08.02"]
[EventType "team-swiss"]
[EventRounds "9"]
[EventCountry "RUS"]
[SourceTitle "EXT 2011"]
[Source "ChessBase"]
[SourceDate "2010.11.26"]
[SourceVersion "1"]
[SourceVersionDate "2010.11.26"]
[SourceQuality "1"]

1. e4 e6 2. d4 d5 3. Nc3 dxe4 4. Nxe4 Nf6 5. Nxf6+ Qxf6 6. Nf3 h6 7. Be3 Bd6 8. Bd3 Nd7 9. c3 0-0 10. 0-0 Re8 11. Bc2 e5 12. dxe5 Nxe5 13. Nxe5 Qxe5 14. g3 Bf5 15. Bf4 Bxc2 16. Qxc2 Qf6 17. Bxd6 Qxd6 18. Rad1 Qc6 19. Rfe1 Rxe1+ 20. Rxe1 Re8 21. Rxe8+ Qxe8 22. Qd3 Qe7 23. Kg2 Qe8 24. Kf3 c6 25. Qe4 Qd7 26. Ke3 Kf8 27. Qe5 Qd8 28. Qc5+ Qe7+ 29. Kd4 Qxc5+ 30. Kxc5 Ke7 31. b4 Kd7 32. c4 b6+ 33. Kd4 Ke6 34. a4 Kd6 35. Ke4 Ke6 36. g4 g5 37. f4 f6 38. f5+ Kd6 39. Kd4 c5+ 40. bxc5+ bxc5+ 41. Ke4 1/2-1/2